|
|
|
|
| LEADER |
00000nam a22000007a 4500 |
| 005 |
20150731141710.0 |
| 007 |
cr|||| |||| |
| 008 |
150731s2004 mx |||||s|||| 00||0 spa d |
| 020 |
|
|
|a 978-968-16-7164-8
|
| 035 |
|
|
|a 12788
|
| 040 |
|
|
|a vLex
|
| 090 |
|
|
|c 5491
|d 5491
|
| 100 |
1 |
|
|a Zepeda Lecuona, Guillermo
|
| 245 |
1 |
0 |
|a Crimen sin castigo
|h [Recurso electrn̤ico] :
|b Procuracin̤ de justicia penal y ministerio pb︢lico en Mx̌ico /
|c Guillermo Zepeda Lecuona
|
| 256 |
|
|
|a Servicio en ln̕ea
|
| 260 |
|
|
|a Mx̌ico D.F.:
|b Fondo de Cultura Econm̤ica,
|c 2004
|
| 300 |
|
|
|a 1 recurso electrn̤ico
|
| 506 |
0 |
1 |
|a Contenido disponible en los productos indicados
|d vLex Global
|d vLex Global (Academic Edition, excluding Law Schools)
|d vLex Global (U.S. Academic Edition, Law Schools)
|d vLex Global (U.S. Academic Edition, excluding Law Schools)
|d vLex Global (Academic Edition, Law Schools)
|
| 650 |
0 |
4 |
|a Derecho penal
|z Mx̌ico
|
| 650 |
0 |
4 |
|a Procedimiento penal
|z Mx̌ico
|
| 650 |
0 |
4 |
|a Delitos
|z Mx̌ico
|
| 740 |
0 |
|
|a vLex Libros (Servicio en ln̕ea)
|
| 856 |
4 |
0 |
|u http://vlex.com/source/crimen-sin-castigo-procuracion-justicia-penal-ministerio-publico-mexico-12788
|z Acceso restringido
|
| 942 |
|
|
|c BOOK
|
| 999 |
0 |
|
|a Criminal procedure
|
| 999 |
0 |
|
|a Criminal law
|
| 999 |
0 |
|
|a Crime
|